000 00890nam a2200265Ia 4500
003 OSt
005 20221005104016.0
006 a|||||r|||| 00| 0
007 ta
008 221004b |||||||| |||| 00| 0 hin d
020 _a8179170470 (hbk)
_cINR 825.00
024 _a66120
037 _bGV719, 09/03/2020, Vani Prakashan
_cTextual
040 _aCRL
_cCRL
_bhin
041 _2hin
_ahin
082 _aT0aW6, 152N8
100 _aडिवी, जॉन, ले.
245 0 _aशिक्षा और लोकतंत्र
246 _aShikṣhā aur lokatantra
260 _aदिल्ली
_bग्रंथ शिल्पी भारत
_c2008
300 _a350पृ0
_ccm.
650 _aशिक्षा
942 _hT0aW6, 152N8
_cTEXL
_2cc
999 _c1011483
_d1011483